000 00422nam a22001697a 4500
003 CEME
005 20210628203544.0
008 210317b xxu||||| |||| 00| 0 eng d
020 _a1-56347-182-5
040 _c.
082 _a629.1 AER'T
100 _aThornton, Earl A
_966225
245 _aAerospace thermal structure and materials for a new era
260 _aUSA
_bAIAA
_c1995
300 _a413P
942 _cBK
_2ddc
999 _c574220
_d574220